Introducción a la ecología de poblaciones
Salvato in:
| Autore principale: | |
|---|---|
| Natura: | Libro |
| Lingua: | spagnolo |
| Pubblicazione: |
Barcelona
Blume
1981
|
| Serie: | Blume Ecología.
15 |
| Soggetti: | |
| Tags: |
Aggiungi Tag
Nessun Tag, puoi essere il primo ad aggiungerne!!
|
MARC
| LEADER | 00000nam a2200000 a 4500 | ||
|---|---|---|---|
| 001 | UCU3367 | ||
| 003 | CL-VaPUC | ||
| 005 | 20241018150431.0 | ||
| 008 | 960510e19810000SP |||||||||||||||||spa|d | ||
| 999 | |c 247397 |d 247395 | ||
| 040 | |c Pontificia Universidad Católica de Valparaíso | ||
| 082 | 0 | 4 | |a 577.88 HUT 1981 |2 21 |
| 100 | |a Hutchinson, G. Evelyn |e author |9 411577 | ||
| 245 | 1 | 0 | |a Introducción a la ecología de poblaciones |
| 260 | |a Barcelona |b Blume |c 1981 | ||
| 300 | |a 492 páginas | ||
| 490 | 0 | |a Blume Ecología. |v 15 | |
| 583 | |a last modification |c 19960510 00:00:00 |k Rodrigo Vera | ||
| 650 | 7 | |a ECOLOGIA DE LA POBLACION |2 CL-VaPUC |9 357496 | |
| 650 | 0 | |a Reproducción |9 269783 | |
| 650 | 7 | |a ESPECIES |2 CL-VaPUC |9 331928 | |
| 650 | 0 | |a Plancton |9 261727 | |
| 650 | 0 | |a Flores |9 310803 | |
| 650 | 0 | |a Demografía |9 260008 | |
| 650 | 7 | |a MORTALIDAD |2 CL-VaPUC |9 341601 | |
| 650 | 0 | |a Ecosistemas |9 261477 | |
| 942 | |c BK |2 ddc | ||
| 945 | |d 19960510 00:00:00 |a rleighto | ||
| 952 | |0 0 |1 0 |2 ddc |4 0 |6 577_880000000000000_HUT_1981 |7 0 |8 A |9 263292 |a BIBCUR |b BIBCUR |d 2019-11-19 |i 2075156 |o 577.88 HUT 1981 |p 2075156 |r 2025-04-22 |t 2 |w 2019-11-19 |y BK |k BIO | ||